000 00713nam a2200217Ia 4500
001 1670
003 GE_BSU
008 181216s||||||||xx |||||||||||||| ||und||
020 _a96789941417863
040 _cGE_BSU
080 _a004.9
100 _aხურცია, ზურაბ
245 _aინფორმაციული ტექნოლოგიები (სპეციალური კურსი)
260 _aქუთაისი
260 _bაკ. წერეთლი სახ. უნ–ტი
260 _c2011
300 _a278 გვ. 20 ლ.
541 _h10 ლ.
653 _aინფორმაციული ტექნოლოგიები
942 _cBK
999 _c35787
_d35787